Tratado de la pintura: el libro del arte
Guardat en:
| Autor principal: | |
|---|---|
| Format: | Llibre |
| Idioma: | espanyol |
| Publicat: |
Barcelona
E. Meseguer
1950
|
| Col·lecció: | Manuales Meseguer
|
| Matèries: | |
| Etiquetes: |
Afegir etiqueta
Sense etiquetes, Sigues el primer a etiquetar aquest registre!
|
MARC
| LEADER | 00000nam a2200000 a 4500 | ||
|---|---|---|---|
| 001 | UCY3262 | ||
| 003 | CL-VaPUC | ||
| 008 | 941220e19500000SP |||||||||||||||||spa|d | ||
| 082 | 0 | 4 | |a 750.1 |b CEN |2 21 |
| 100 | 0 | |a Cennini, Cennino |e author |9 331526 | |
| 245 | 1 | 0 | |a Tratado de la pintura: el libro del arte |
| 300 | |a 150 p | ||
| 942 | |c BK | ||
| 945 | |d 19941220 00:00:00 |a mfernand | ||
| 260 | |a Barcelona |b E. Meseguer |c 1950 | ||
| 600 | 0 | 7 | |a CENNINI, CENNINO |2 CL-VaPUC |9 331527 |
| 650 | 0 | |a Pintura |9 265046 | |
| 650 | 7 | |a OBRAS |2 CL-VaPUC |9 269205 | |
| 583 | |a last modification |c 19941220 00:00:00 |k Rodrigo Vera | ||
| 490 | 0 | |a Manuales Meseguer | |
| 999 | |c 231450 |d 231448 | ||
| 952 | |0 0 |1 0 |4 0 |6 750_100000000000000_CEN_1950 |7 0 |8 A |9 234732 |a BIBARQ |b BIBARQ |d 2019-11-15 |i 3040437 |o 750.1 CEN 1950 |p 3040437 |r 2025-01-20 |w 2019-11-15 |y BK |k ARQ | ||